Εκθέσεις 14: Ελληνικός Κλάδος Ζάχαρης / Ανάλυση - Προοπτικές (Record no. 2091)
[ view plain ]
| 000 -LEADER | |
|---|---|
| fixed length control field | 01435cam a22002414a 4500 |
| 005 - ΗΜΕΡΟΜΗΝΙΑ ΚΑΙ ΩΡΑ ΤΕΛΕΥΤΑΙΑΣ ΕΝΗΜΕΡΩΣΗΣ | |
| Πεδίο ελέγχου | 20250605164030.0 |
| 008 - FIXED-LENGTH DATA ELEMENTS--GENERAL INFORMATION | |
| Πεδίο ελέγχου σταθερού μήκους | 250528s ||||||||||||||||||||||||d |
| 035 ## - SYSTEM CONTROL NUMBER | |
| System control number | 16610 |
| 020 ## - ISBN | |
| ISBN | 960341008 |
| 040 ## - ΠΗΓΗ ΚΑΤΑΛΟΓΟΓΡΑΦΗΣΗΣ | |
| Φορέας πρωτότυπης καταλογογράφησης | MC Athens Campus Library |
| Γλώσσα καταλογογράφησης | Ελληνικά, Μοντέρνα (1453-) |
| Modifying agency | MC Athens Campus Library |
| Κανόνες περιγραφικής καταλογογράφησης | AACR2 |
| 245 1# - ΤΙΤΛΟΣ ΚΑΙ ΔΗΛΩΣΗ ΥΠΕΥΘΥΝΟΤΗΤΑΣ | |
| Τίτλος | Εκθέσεις 14: Ελληνικός Κλάδος Ζάχαρης / Ανάλυση - Προοπτικές |
| 260 ## - PUBLICATION, DISTRIBUTION, ETC. | |
| Name of publisher, distributor, etc. | Αθήνα, |
| Date of publication, distribution, etc. | 1994 |
| 300 ## - PHYSICAL DESCRIPTION | |
| Extent | 488 |
| 520 ## - SUMMARY, ETC. | |
| Summary, etc. | Η Διεθνής Αγορά Ζάχαρης, Η Κοινοτική Αγορά Ζάχαρης, Το Κοινοτικό Θεσμικό Πλαίσιο, Ο Κλάδος της Ζάχαρης στην Ελλάδα, Ελληνική Βιομηχανία Ζάχαρης ΑΕ: Τεχνοοικονομική Ανάλυση, Χρηματοοικονομική Αξιολόγηση της ΕΒΖ ΑΕ, Ανάλυση Κοινωνικών Οφελειών - Κόστος της Ελληνικής Βιομηχανίας Ζάχαρης, Ανακεφαλαίωση: Το Πλαίσιο της Ζαχαροβιομηχανίας, Συμπεράσματα - Προτάσεις. |
| 700 1# - ΠΡΟΣΘΕΤΗ ΑΝΑΓΡΑΦΗ--ΦΥΣΙΚΟ ΠΡΟΣΩΠΟ | |
| Personal name | Καζής Δημήτριος |
| 9 (RLIN) | 2694 |
| 700 1# - ΠΡΟΣΘΕΤΗ ΑΝΑΓΡΑΦΗ--ΦΥΣΙΚΟ ΠΡΟΣΩΠΟ | |
| Personal name | Λαμπροπούλου Αναστασία |
| 9 (RLIN) | 2695 |
| 700 1# - ΠΡΟΣΘΕΤΗ ΑΝΑΓΡΑΦΗ--ΦΥΣΙΚΟ ΠΡΟΣΩΠΟ | |
| Personal name | Μπίτσικας Γεώργιος |
| 9 (RLIN) | 2696 |
| 700 1# - ΠΡΟΣΘΕΤΗ ΑΝΑΓΡΑΦΗ--ΦΥΣΙΚΟ ΠΡΟΣΩΠΟ | |
| Personal name | Παχάκη Καλλιόπη |
| 9 (RLIN) | 2697 |
| 700 1# - ΠΡΟΣΘΕΤΗ ΑΝΑΓΡΑΦΗ--ΦΥΣΙΚΟ ΠΡΟΣΩΠΟ | |
| Personal name | Περδικίδης Ιωσήφ |
| 9 (RLIN) | 2698 |
| 942 ## - ADDED ENTRY ELEMENTS (KOHA) | |
| Koha item type | Books |
| Τύπος τεκμηρίου | Βιβλιοθήκη | Τρέχουσα τοποθεσία | Barcode | Αριθμός εισαγωγής | Ημερομηνία απόκτησης | Ταξιθετικό σύμβολο | Αριθμός αντιτύπου | Κατάσταση απόσυρσης | Κατάσταση χαμένου | Κατάσταση κατεστραμμένου | Μη δανεισμός | Σύνολο δανεισμών | Ημερομηνία τελευταίας εμφάνισης | Η τιμή ισχύει από |
|---|---|---|---|---|---|---|---|---|---|---|---|---|---|---|
| Books | MC Athens Campus Library | MC Athens Campus Library | 9780000020901 | 4794 | 05/06/2025 | 338.91 PAH | 1 | 05/06/2025 | 05/06/2025 |